| 000 | 00000nam 2200000za 4500 |
| 001 | 9.676741 |
| 003 | CaOODSP |
| 005 | 20231123084324 |
| 007 | cr ||||||||||| |
| 008 | 150407s2009 onc|||||o f|0| 0 eng d |
| 020 | |a978-0-660-67486-5 |
| 040 | |aCaOODSP|beng |
| 041 | |aeng|afre |
| 043 | |an-cn--- |
| 086 | 1 |aFR5-43/2009-PDF |
| 100 | 1 |aCavell, Janice. |
| 245 | 10|aAffaires étrangères et Commerce international Canada |h[electronic resource] : |bune histoire en documents, 1909-2009 / |c[compilé par] Janice Cavell = Foreign Affairs and International Trade Canada : a history in documents, 1909-2009 / [compiled by] Janice Cavell. |
| 246 | 11|aForeign Affairs and International Trade Canada : |ba history in documents, 1909-2009 |
| 260 | |aOttawa : |bForeign Affairs and International Trade Canada = Affaires étrangères et Commerce international Canada, |cc2009. |
| 300 | |a361 p. : |bphotographs |
| 500 | |a"Digitized by Publishing and Depository Services, Public Works and Government Services Canada - 2014" |
| 520 | 3 |aIt is now forty-two years since the first volume in the series Documents on Canadian external relations (DCER) was published. To date, twenty- seven volumes have been completed, covering the period from the founding of the Department of External Affairs in 1909 up to 1960. They amply document the political issues that occupied Canada’s diplomats during those years, but inevitably, for reasons of space, many fascinating accounts showing the more human side of life in the department had to be excluded. This book combines some of the most vividly written and interesting documents from the published volumes, other more personal and colourful items selected from the wealth of material held at Library and Archives Canada, more recent records taken both from archival holdings and from the files still retained by Foreign Affairs and International Trade Canada, and a few articles that first appeared in the magazine bout de papier. |
| 590 | |a14-18-Supp|b2014-10-15 |
| 690 | 07|aCanadian history|2gcpds |
| 690 | 07|aForeign affairs|2gcpds |
| 690 | 07|aInternational trade|2gcpds |
| 710 | 1 |aCanada. |bForeign Affairs and International Trade Canada. |
| 776 | 0#|tForeign Affairs and International Trade Canada : |w(CaOODSP)9.671697 |
| 792 | |tAffaires étrangères et Commerce international Canada : |efre|w(CaOODSP)9.676742 |
| 856 | 40|ahttp://publications.gc.ca|qPDF|s25.73 MB|uhttps://publications.gc.ca/collections/collection_2014/maecd-dfatd/FR5-43-2009.pdf |